Little Hercules /

Guardado en:
Detalles Bibliográficos
Autor principal: Gruber, Frank, 1904-1969
Formato: Libro
Lenguaje:English
Publicado: London : Boardman, 1966.
LEADER 00684nam a22001937a 4500
001 c000110277
003 CARM
005 20000229171950.0
008 990325s1966 enk 000 1 eng d
019 1 |a 14615366  |5 LACONCORD2021 
035 |a (OCoLC)30286700  |5 LACONCORD2021 
040 |a VLINC  |b eng  |c VLINC 
100 1 |a Gruber, Frank,  |d 1904-1969. 
245 1 0 |a Little Hercules /  |c Frank Gruber. 
260 |a London :  |b Boardman,  |c 1966. 
300 |a 160 p. 
852 8 |b CARM  |h A2:AG30B0  |i B03289  |p 0137157  |f BK 
999 f f |i 4e566a48-0cce-5214-bc3f-e7c013a1797f  |s 8400fcbe-87bf-502b-a86c-4351e9ff8996 
952 f f |p Can circulate  |a CAVAL  |b CAVAL  |c CAVAL  |d CARM 1 Store  |e B03289  |f A2:AG30B0  |h Other scheme  |i book  |m 0137157